Statistics for Popular Boy Names #3

Click here to take the quiz!

General Stats

  • This quiz has been taken 8 times
  • The average score is 3 of 14

Answer Stats

LETTERAnswer% Correct
IIsaac
75%
OOwen
75%
RRobert
50%
AAlex
38%
NNoah
38%
CConnor
13%
EElias
13%
SScott
13%
EEarl
0%
GGabriel
0%
IIsreal
0%
MMiguel
0%
SSean
0%
TTaylor
0%

Score Distribution

Percentile by Number Answered

Percent of People with Each Score

Your Score History

You have not taken this quiz